|
|
|
|
| LEADER |
02030nam a2200481 i 4500 |
| 001 |
EBC1658826 |
| 003 |
MiAaPQ |
| 005 |
20200520144314.0 |
| 006 |
m o d | |
| 007 |
cr cnu|||||||| |
| 008 |
140413t20142014gw a ob 001 0 eng d |
| 020 |
|
|
|z 9783527329861
|
| 020 |
|
|
|z 9783527655632 (mobi)
|
| 020 |
|
|
|z 9783527655625 (oBook)
|
| 020 |
|
|
|a 9783527655656
|q (electronic bk.)
|
| 020 |
|
|
|a 9783527655649
|q (electronic bk.)
|
| 035 |
|
|
|a (MiAaPQ)EBC1658826
|
| 035 |
|
|
|a (Au-PeEL)EBL1658826
|
| 035 |
|
|
|a (CaPaEBR)ebr10855742
|
| 035 |
|
|
|a (CaONFJC)MIL586298
|
| 035 |
|
|
|a (OCoLC)878147433
|
| 040 |
|
|
|a MiAaPQ
|b eng
|e rda
|e pn
|c MiAaPQ
|d MiAaPQ
|
| 050 |
|
4 |
|a HF5415.155
|b .K574 2014
|
| 082 |
0 |
|
|a 658.5
|2 23
|
| 100 |
1 |
|
|a Klopffer, Walter,
|e author.
|
| 245 |
1 |
0 |
|a Life cycle assessment :
|b a guide to best practice /
|c Walter Klopffer and Birgit Grahl.
|
| 264 |
|
1 |
|a Weinheim an der Bergstrasse, Germany :
|b Wiley-VCH,
|c 2014.
|
| 264 |
|
4 |
|c 2014
|
| 300 |
|
|
|a 1 online resource (412 pages) :
|b illustrations
|
| 336 |
|
|
|a text
|2 rdacontent
|
| 337 |
|
|
|a computer
|2 rdamedia
|
| 338 |
|
|
|a online resource
|2 rdacarrier
|
| 504 |
|
|
|a Includes bibliographical references at the end of each chapters and index.
|
| 588 |
|
|
|a Description based on online resource; title from PDF title page (ebrary, viewed April 12, 2014).
|
| 590 |
|
|
|a Electronic reproduction. Ann Arbor, MI : ProQuest, 2015. Available via World Wide Web. Access may be limited to ProQuest affiliated libraries.
|
| 650 |
|
0 |
|a Product life cycle
|v Mathematical models.
|
| 650 |
|
0 |
|a Life cycle costing
|x Methodology.
|
| 650 |
|
0 |
|a Industrial ecology.
|
| 655 |
|
4 |
|a Electronic books.
|
| 700 |
1 |
|
|a Grahl, Birgit,
|e author.
|
| 776 |
0 |
8 |
|i Print version:
|a Klopffer, Walter.
|t Life cycle assessment : a guide to best practice.
|d Weinheim an der Bergstrasse, Germany : Wiley-VCH, c2014
|h xiii, 396 pages
|z 9783527329861
|
| 797 |
2 |
|
|a ProQuest (Firm)
|
| 856 |
4 |
0 |
|u https://ebookcentral.proquest.com/lib/matrademy/detail.action?docID=1658826
|z Click to View
|